| 000 | 00712cab a2200229 4500 | ||
|---|---|---|---|
| 001 | WB3219-68 | ||
| 008 | 090401t1996 xxu||||| |||| 00| 0 eng d | ||
| 035 | _a(Sirsi) u2108 | ||
| 041 | _aeng | ||
| 245 | _aOFWAT urges surveyors | ||
| 260 | _c1996 | ||
| 350 | _a0 | ||
| 490 |
_aCSM (Chartered Surveyor Monthly) _v5(8) May 1996, 9(1) |
||
| 520 | _aOFWAT, the water customers` protection body, has asked surveyors to remind potential buyers that they are responsible for the servicing of water pipes which connect their premises to the water main. | ||
| 650 | _aOFWAT | ||
| 650 | _aSERVICING | ||
| 650 | _aWATER PIPES | ||
| 650 | _aWATER SUPPLY | ||
| 690 | _aWATER | ||
| 942 | _n0 | ||
| 948 | _c04/03/1997 | ||
| 999 |
_c1265 _d1265 |
||